The Corinthian letters of Paul. (Record no. 5754)

000 -LEADER
fixed length control field 00577nam a2200181 a 4500
001 - CONTROL NUMBER
control field :::00003496$&:&@@
003 - CONTROL NUMBER IDENTIFIER
control field OkBaRHE
005 - DATE AND TIME OF LATEST TRANSACTION
control field 20000607103306.0
008 - FIXED-LENGTH DATA ELEMENTS--GENERAL INFORMATION
fixed length control field s1946 j 000 0 eng u
040 ## - CATALOGING SOURCE
Transcribing agency
100 1# - MAIN ENTRY--PERSONAL NAME
Personal name Morgan, G. Campbell.
245 14 - TITLE STATEMENT
Title The Corinthian letters of Paul.
260 ## - PUBLICATION, DISTRIBUTION, ETC. (IMPRINT)
Place of publication, distribution, etc Old Tappan, NJ., :
Name of publisher, distributor, etc Fleming H. Revell Company
Date of publication, distribution, etc c1946
300 ## - PHYSICAL DESCRIPTION
Extent 275 p. ;
Dimensions 22 cm.
650 ## - SUBJECT ADDED ENTRY--TOPICAL TERM
Topical term or geographic name as entry element Bible New Testament Corinthians
General subdivision Commentaries
942 ## - ADDED ENTRY ELEMENTS (KOHA)
Source of classification or shelving scheme
Koha item type Books
Copies
Not for loan Price effective from Shelving location Copy number Full call number Withdrawn status Permanent Location Date acquired Barcode Koha item type Source of classification or shelving scheme Lost status Damaged status Date last seen
 2010-04-14General Stacks1BS 2675 .M6 RHEMA Bible Training College2010-04-143496Books   2018-04-03